| 000 | 00561nam a2200181 i 4500 | ||
|---|---|---|---|
| 001 | 101630 | ||
| 003 | ES-MaACL | ||
| 005 | 20230906182940.0 | ||
| 007 | t| | ||
| 008 | 051021s1987 xxu ||||1| eng d | ||
| 020 | _a0-02-920940-4 | ||
| 100 | 1 |
_aMelbin, Murray. _979887 |
|
| 245 | 1 | 0 |
_aNight as frontier _b: colonizing the world after dark / _cMurray Melbin. |
| 260 |
_aNew York : _bThe Free Press ; _aLondon : _bCollier-Macmillan, _c1987. |
||
| 300 |
_aVIII, 230 p. ; _c24 cm. |
||
| 504 | _aBibliografía. Indice. | ||
| 852 |
_aES-MaACL _jL-12397 _bR.114789 |
||
| 999 |
_c101630 _d101630 |
||